00473nam a22001572 4500001001100000005001700011008004100028020001700069040001500086100003200101245008500133250001300218260003000231300001600261650003800277000002326620151217155911.0121011s xx 000 0 eng d a9966777725 : aKABUcKABU1 aGithuku, Simon.@000018261910aEffects of regional trade arrangements on Kenya's export flows /cSimon Githuku. a1st ed. aNairobi :bKIPPRA,c2010. avii, 37 p. 0aProduce tradezKenya.@0000160761